书目信息 |
| 题名: |
哲学与心理健康
|
|
| 作者: | 刘新跃 主编 | |
| 分册: | ||
| 出版信息: | 合肥 合肥工业大学出版社 2015 |
|
| 页数: | 97页 | |
| 开本: | 21cm | |
| 丛书名: | 哲学智慧丛书 | |
| 单 册: | ||
| 中图分类: | B-05 , R395.6 | |
| 科图分类: | ||
| 主题词: | 哲学--zhe xue--关系--心理健康--研究 | |
| 电子资源: | ||
| ISBN: | 978-7-5650-2492-4 | |
| 000 | 01068nam0 22002651 450 | |
| 001 | 1754581840 | |
| 005 | 20170522152401.92 | |
| 010 | @a978-7-5650-2492-4@dCNY20.00 | |
| 100 | @a20160411d2015 em y0chiy50 ea | |
| 101 | 0 | @achi |
| 102 | @aCN@b340000 | |
| 105 | @ay z 000yy | |
| 106 | @ar | |
| 200 | 1 | @a哲学与心理健康@9zhe xue yu xin li jian kang@f刘新跃主编 |
| 210 | @a合肥@c合肥工业大学出版社@d2015@h2016印 | |
| 215 | @a97页@d21cm | |
| 225 | 2 | @a哲学智慧丛书@9zhe xue zhi hui cong shu |
| 330 | @a本书从哲学的视角来探究哲学和心理健康的关系,关注人的内心世界,从人们熟知的人物典故、神话传说以及社会典型事例入手,对人的自我认知、人与自然、人与自己以及人与社会的关系进行分析探讨,反省我们的生活内容和生活方式,以期加强人生修养,培育哲学智慧,找寻心理平衡,体会生活幸福,构筑健康的人生,呵护我们的精神家园。 | |
| 461 | 0 | @12001 @a哲学智慧丛书 |
| 606 | 0 | @a哲学@9zhe xue@x关系@x心理健康@x研究 |
| 690 | @aB-05@v5 | |
| 690 | @aR395.6@v5 | |
| 701 | 0 | @a刘新跃@9liu xin yue@f(1961~)@4主编 |
| 801 | 0 | @aCN@b百万庄@c20170513 |
| 905 | @b1007142-7@dB-05@e67@f6 | |
| 哲学与心理健康/刘新跃主编.-合肥:合肥工业大学出版社,2015(2016印) |
| 97页;21cm.-(哲学智慧丛书) |
| ISBN 978-7-5650-2492-4:CNY20.00 |
| 本书从哲学的视角来探究哲学和心理健康的关系,关注人的内心世界,从人们熟知的人物典故、神话传说以及社会典型事例入手,对人的自我认知、人与自然、人与自己以及人与社会的关系进行分析探讨,反省我们的生活内容和生活方式,以期加强人生修养,培育哲学智慧,找寻心理平衡,体会生活幸福,构筑健康的人生,呵护我们的精神家园。 |
| ● |
| 相关链接 |
|
|
|
|
正题名:哲学与心理健康
索取号:B-05/67
 
预约/预借
| 序号 | 登录号 | 条形码 | 馆藏地/架位号 | 状态 | 备注 |
| 1 | 1007142 | 210071429 | 第一样本阅览室/ [索取号:B-05/67] | 在馆 | |
| 2 | 1007143 | 210071438 | 教育系资料室/ [索取号:B-05/67] | 在馆 | |
| 3 | 1007144 | 210071447 | 教育系资料室/ [索取号:B-05/67] | 在馆 | |
| 4 | 1007145 | 210071456 | 教育系资料室/ [索取号:B-05/67] | 在馆 | |
| 5 | 1007146 | 210071465 | 第一借阅区/ [索取号:B-05/67] | 在馆 | |
| 6 | 1007147 | 210071474 | 第一借阅区/ [索取号:B-05/67] | 在馆 |